000 00269nam a2200145Ia 4500
100 _aRobin Sharma
650 _aFiction
942 _cBK
366 _f20
245 _aGreatness Guide
260 _bJaico
_c2006
300 _a221
546 _aENGLISH
999 _c35043
_d35043